Mi köze a Sacher-tortának Zselízhez?

Bibliographic Details
Main Author: Vrabec, Mária, 1970- (Author)
Format: Article
Language:Hungarian
PhysicalDescription:Fotogr.
Subjects:

MARC

LEADER 00000nab a2200000 ar4500
001 vtls009181985
003 SK-MaSNL
005 20260319070653.0
008 080206c2008 xo |||||||| 000 b|hun
015 |a SNBRB2008/02  |2 snkbucl 
038 |a SNKBUCL 
040 |a DSZK  |b slo  |c DSZK  |e AACR2 
041 0 |a hun 
044 |a xo  |c SK 
080 |a 664.143  |x (091)  |2 1997 
100 1 |a Vrabec, Mária,  |d 1970-  |4 aut  |9 102331 
245 1 0 |a Mi köze a Sacher-tortának Zselízhez?  |c Vrabec Mária 
300 |b Fotogr. 
600 1 7 |a Sacher, Franz,  |d n. 1816  |2 snkbucl  |9 1041222 
650 0 7 |a Sacherova torta (cukrársky výrobok)  |x dejiny  |2 snkbucl  |9 1041223 
651 7 |a Želiezovce (Slovensko)  |2 snkbucl  |9 58700 
773 0 |t Vasárnap  |g Évf. 41, sz. 3 (2008), o. 36-38 
852 |a SNK  |b KIS3GCP 
852 |a DSZK  |b KIS3GCP 
958 |a HU 
958 |a SK 
958 |a AT 
999 |c 1711813  |d 1713743